| 000 | 01209cam a2200325 i 4500 | ||
|---|---|---|---|
| 999 |
_c200444323 _d62535 |
||
| 001 | 200444323 | ||
| 003 | TR-AnTOB | ||
| 005 | 20230615112927.0 | ||
| 007 | ta | ||
| 008 | 020129s1999 tu d 000 0 tur d | ||
| 020 | _a9754070474 | ||
| 035 | _a(TR-AnTOB)200444323 | ||
| 040 |
_aB9K _beng _erda _cB9K _dTR-AnTOB |
||
| 041 | 0 | _atur | |
| 050 | 4 |
_aHD9019.S432 _bK63 1999 |
|
| 090 |
_aHD9019.S432 _bK63 1999 |
||
| 100 | 1 |
_aKoç, Ali _eauthor _9131529 |
|
| 245 | 1 | 0 |
_aTürkiye'de yağlı tohumlar pazarı : _buluslararası fiyatlar ve alternatif politikaların arz, talep ve ikame ürünler üzerine etkileri / _cDoç. Dr. Ali Koç [and five others]. |
| 264 |
_aAnkara : _bTEAE, _c1999. |
||
| 300 |
_avii, 99 pages : _btables ; _c24 cm |
||
| 336 |
_atext _btxt _2rdacontent |
||
| 337 |
_aunmediated _bn _2rdamedia |
||
| 338 |
_avolume _bnc _2rdacarrier |
||
| 490 | 0 |
_aTarımsal Ekonomi Araştırma Enstitüsü ; _vPublication Number; 31. |
|
| 650 | 7 |
_aTohum endüstrisi ve ticareti _zTürkiye _2etuturkob _9133195 |
|
| 710 | 2 |
_aTürkiye. _bTarım ve Köyişleri Bakanlığı. _bTarımsal Ekonomi Araştırma Enstitüsü _9132994 |
|
| 942 |
_2lcc _cBK |
||